Ténylegesitések

Poručík guľometného oddielu v zálohe, Miksa Bobok zo Spišskej Novej Vsi, bol popri povýšení zo dňa 1. septembra 1915 na nadporučíka u 11. honvédskeho pešieho pluku, prijatý do riadneho stavu armády. Dôstojnícky čakateľ 9. honvédskeho pešieho pluku v zálohe Lajos Szilvássy, rodák zo Spišského Podhrad...

Celý popis

Podrobná bibliografia
Médium: Článok
Jazyk:Hungarian
Témy:
Zdroj: 1. Szepesi Lapok : Politikai És Tátrai Ujság 1. Roč. XXXIII, č. 10 (25.1.1917), s. 4
LEADER 02071nab#a2200469#ar4500
001 000126257
003 SVKKK
005 20190409151429.0
008 131126d1917 xo |||||||||||||||b|hun
FMT
038 |a SVKKK 
040 |a SVKKK  |b slo  |e AACR2 
041 0 |a hun 
044 |a xo  |c SK 
080 |a 355.337  |2 2011 
080 |a 355.335  |2 2011 
080 |a 355.255  |2 2011 
080 |a 94(100)"1914/1918"  |2 2011 
242 1 0 |a Vojenské ustanovenia do riadneho stavu 
245 1 0 |a Ténylegesitések 
520 3 |a Poručík guľometného oddielu v zálohe, Miksa Bobok zo Spišskej Novej Vsi, bol popri povýšení zo dňa 1. septembra 1915 na nadporučíka u 11. honvédskeho pešieho pluku, prijatý do riadneho stavu armády. Dôstojnícky čakateľ 9. honvédskeho pešieho pluku v zálohe Lajos Szilvássy, rodák zo Spišského Podhradia, bol s prijatím do riadneho stavu povýšený na poručíka. Poručík 5. honvédskeho husárskeho pluku v zálohe István Montskó, rodák z Levoče, bol prijatý do riadneho stavu armády. 
545 |a Különfélék 
600 1 4 |a Bobok, Miksa  |d 1891-?  |x vojak c. k. armády  |x nadporučík 11. honvédskeho pešieho pluku  |y 1917  |z Spišská Nová Ves (Slovensko) 
600 1 4 |a Szilvássy, Lajos  |d 1895-?  |x vojak c. k. armády  |x poručík 9. honvédskeho pešieho pluku  |y 1917  |z Spišské Podhradie (Slovensko) 
600 1 4 |a Montskó, István  |d 1894-1918  |x vojak c. k. armády  |x poručík 5. honvédskeho husárskeho pluku  |y 1917  |z Levoča (Slovensko)  |z Betlanovce (Slovensko) 
648 0 4 |a 1917 
650 0 4 |a vojaci 
650 0 4 |a nižší dôstojníci 
650 0 4 |a povýšenia 
650 0 4 |a povyšovanie 
650 0 4 |a prvá svetová vojna, 1914-1918 
651 4 |a Spišská Nová Ves (Slovensko) 
651 4 |a Spišské Podhradie (Slovensko) 
651 4 |a Levoča (Slovensko) 
655 4 |a hungariká 
773 0 |t Szepesi Lapok : Politikai És Tátrai Ujság  |g Roč. XXXIII, č. 10 (25.1.1917), s. 4 
958 |a HU 
974 |a vsz 
992 |a RBX 
BAS
852 |a SVKKK  |b BIB 
998 |a RETRO